Melanie Martinez A-Z - Statistics

General Stats
  • This quiz has been taken 153 times
  • The average score is 13 of 18
Answer Stats
Hint Answer % Correct
C Cry baby / Carousel / Cake / Class fight
96%
A Alphabet boy
92%
D Dollhouse / Drama club / Detention / Death
92%
T Training wheels / Tag you're it / Teddy bear / The principal / Teacher's pet / Test me / The bakery / Tunnel vision / The contortionist
91%
M Milk and cookies / Mrs. Potato head / Mad hatter / Moon cycle / Milk of the siren
84%
P Pity party / Pacify her / Play date / Powder / Pluto
82%
S Sippy cup / Soap / Show & tell / Strawberry shortcake / Spider web
80%
N Nurse's office / Notebook / Numbers / Nymphology
73%
W Wheels on the bus / Womb
72%
L Lunchbox friends / Light shower / Leeches
71%
O Orange juice
69%
H High school sweethearts
62%
R Recess
58%
V Void
58%
B Brain & heart / Battle of the Larynx
48%
F Field trip / Faerie soiree
48%
E Evil
47%
G Glued
32%
No matching quizzes found
Score Distribution
Percent of People with Each Score
Percentile by Number Answered
Your Score History
You have not taken this quiz